[Event "Let's Play Chess!"]
[Site "http://www.queenalice.com/game.php?id=1827975"]
[Date "2023.12.28"]
[Round "-"]
[White "igor12345"]
[Black "ClivetheBeard"]
[Result "0-1"]
[WhiteElo "1995"]
[BlackElo "2722"]

1. e4 e5 2. f4 exf4 3. Nf3 d5 4. e5 g5 5. h3 Nh6 6. d4 Nf5 7. Bb5+ c6 8. Bd3 Ng3
9. Rg1 f6 10. c4 fxe5 11. dxe5 Bc5 12. Nc3 dxc4 13. Bxc4 Qxd1+ 14. Kxd1 Bxg1 15.
Nxg1 Bf5 16. Nf3 h6 17. b4 Nd7 18. Bb2 O-O-O 19. Ke1 Rhe8 20. Ne2 Nb6 21. Bb3
Nd5 22. a3 Ne3 23. Kf2 Nxe2 24. Kxe2 Nxg2 25. Rh1 Rd3 26. Bc4 Re3+ 27. Kf2 Be4
28. Nd2 Rd8 29. Nxe4 Rxe4 30. Bb3 Rd2+ 31. Kf3 Re3+ 32. Kg4 Rxb2 33. Be6+ Kc7
34. Rc1 Rxe5 35. Bf7 Ne3+ 36. Kh5 g4+ 37. Kxh6 gxh3 0-1

[Event "Let's Play Chess!"]
[Site "http://www.queenalice.com/game.php?id=1827976"]
[Date "2023.12.28"]
[Round "-"]
[White "ClivetheBeard"]
[Black "igor12345"]
[Result "1-0"]
[WhiteElo "2719"]
[BlackElo "1954"]

1. c4 e5 2. e3 Nf6 3. Nc3 b6 4. d4 e4 5. Bd2 Bb7 6. g4 h6 7. h4 Bb4 8. a3 Bxc3
9. Bxc3 d5 10. Nh3 Nh7 11. Nf4 c6 12. g5 Nf8 13. Rg1 hxg5 14. Rxg5 Rxh4 15. Rxg7
Rh7 16. Rxh7 Nxh7 17. Qh5 Nf6 18. Qh8+ Kd7 19. Qg7 Qe7 20. Bh3+ Kd8 21. Bb4 c5
22. dxc5 bxc5 23. Ba5+ Ke8 24. Qh8+ Qf8 25. Qxf6 Nc6 26. Nxd5 1-0

[Event "AUTO-OPEN-4482"]
[Site "http://www.queenalice.com/game.php?id=1831048"]
[Date "2024.2.7"]
[Round "2"]
[White "bmax"]
[Black "ClivetheBeard"]
[Result "0-1"]
[WhiteElo "2277"]
[BlackElo "2687"]

1. d4 Nf6 2. Bf4 g6 3. c4 d6 4. Nc3 Bg7 5. e3 O-O 6. e4 Nc6 7. Nf3 Bg4 8. d5 e5
9. Bg5 Nd4 10. Be2 c5 11. O-O h6 12. Bxf6 Qxf6 13. h3 Bd7 14. Nb5 Bxb5 15. cxb5
h5 16. Nxd4 cxd4 17. Rc1 Qe7 18. b3 Bh6 19. Rc4 Rfc8 20. Qd3 Qd8 21. a4 Qa5 22.
Qf3 Rxc4 23. Bxc4 Kg7 24. h4 Rf8 25. Qd1 Qd8 26. g3 f5 27. exf5 gxf5 28. Qxh5 e4
29. g4 fxg4 30. Qxg4+ Kh8 31. Re1 Rg8 32. Rxe4 Rxg4+ 33. Rxg4 Qd7 34. f3 Qf5 35.
Kg2 Bf4 36. b6 Qc2+ 0-1

[Event "AUTO-OPEN-4482"]
[Site "http://www.queenalice.com/game.php?id=1831049"]
[Date "2024.2.7"]
[Round "2"]
[White "ClivetheBeard"]
[Black "bmax"]
[Result "1-0"]
[WhiteElo "2714"]
[BlackElo "2261"]

1. e4 c6 2. c4 d5 3. exd5 cxd5 4. cxd5 Nf6 5. Nc3 Nxd5 6. Nf3 e6 7. Bc4 Bd6 8.
O-O O-O 9. Re1 Nc6 10. d4 a6 11. Bb3 b5 12. Nxd5 exd5 13. Bg5 Be7 14. Bxe7 1-0

[Event "Let's Play Chess!"]
[Site "http://www.queenalice.com/game.php?id=1833600"]
[Date "2024.3.19"]
[Round "-"]
[White "igor12345"]
[Black "ClivetheBeard"]
[Result "0-1"]
[WhiteElo "2145"]
[BlackElo "2686"]

1. e4 Nc6 2. d4 d5 3. e5 Bf5 4. a3 e6 5. Nc3 f6 6. Nf3 Nge7 7. exf6 gxf6 8. Bb5
Qd6 9. Nh4 O-O-O 10. g3 Bh3 11. Be3 e5 12. Ne2 a6 13. Ba4 exd4 14. Bxd4 Bh6 15.
f4 b5 16. Bb3 Rhe8 17. Qd2 Nxd4 18. Qxd4 Bg4 19. Kf1 Nc6 20. Qxd5 Bxe2+ 21. Kf2
Qxd5 22. Bxd5 Rxd5 0-1

[Event "Let's Play Chess!"]
[Site "http://www.queenalice.com/game.php?id=1833601"]
[Date "2024.3.19"]
[Round "-"]
[White "ClivetheBeard"]
[Black "igor12345"]
[Result "1-0"]
[WhiteElo "2685"]
[BlackElo "2119"]

1. e4 c5 2. Nf3 d6 3. d4 cxd4 4. Nxd4 Nf6 5. Nc3 a6 6. Bc4 h6 7. a4 e5 8. Nf5 g6
9. Ne3 Qc7 10. Bb3 Nc6 11. Ned5 Bg7 12. Nxc7+ 1-0

[Event "AUTO-OPEN-4482"]
[Site "http://www.queenalice.com/game.php?id=1834024"]
[Date "2024.3.22"]
[Round "3"]
[White "ClivetheBeard"]
[Black "johndyson2"]
[Result "1/2-1/2"]
[WhiteElo "2679"]
[BlackElo "2498"]

1. d4 Nf6 2. c4 e6 3. Nc3 Bb4 4. e3 O-O 5. Bd3 d5 6. a3 Bxc3+ 7. bxc3 dxc4 8.
Bxc4 c5 9. Ne2 Qc7 10. Ba2 b6 11. Bb2 Rd8 12. O-O Nc6 13. c4 cxd4 14. exd4 Na5
15. Rc1 Ba6 16. d5 e5 17. Qa4 Rac8 18. Bc3 g6 19. Bxa5 bxa5 20. Rfd1 Qc5 21. Qb3
Ne4 22. Qf3 Nd6 23. Ng3 f5 24. Nf1 e4 25. Qg3 Rf8 26. Qf4 Qxa3 27. Ne3 Rfd8 28.
Ra1 Qc5 29. h4 a4 30. h5 Rd7 31. Rac1 Rb8 32. Rb1 Rc8 33. Rbc1 Rb8 34. Rb1 Rf8
35. h6 Re8 36. g3 Rde7 37. Kg2 Rd7 38. Rd2 Kh8 39. Rdb2 Bc8 40. Nd1 a3 41. Rb8
Rf7 42. Qe3 Rc7 43. Qd2 Rf7 44. Qb4 Rc7 45. Nc3 Qxb4 46. R1xb4 f4 47. gxf4 g5
48. fxg5 e3 49. fxe3 Rxe3 50. Nb5 Rf7 51. Nxd6 Re2+ 52. Kg1 1/2-1/2

[Event "AUTO-OPEN-4482"]
[Site "http://www.queenalice.com/game.php?id=1834025"]
[Date "2024.3.22"]
[Round "3"]
[White "johndyson2"]
[Black "ClivetheBeard"]
[Result "1/2-1/2"]
[WhiteElo "2494"]
[BlackElo "2683"]

1. Nf3 c6 2. c4 d6 3. e4 Bg4 4. d4 e5 5. Nc3 Nd7 6. Be2 Be7 7. Be3 Bxf3 8. Bxf3
Bg5 9. Bxg5 Qxg5 10. d5 Qg6 11. dxc6 bxc6 12. O-O Ne7 13. b4 O-O 14. c5 Rfd8 15.
Qxd6 Qxd6 16. cxd6 Nc8 17. b5 cxb5 18. Nxb5 Rb8 19. Be2 Nc5 20. Rfd1 a6 21. Nc7
Nxd6 22. f3 a5 23. Rdc1 Rb2 24. Bf1 Ndb7 25. Nd5 a4 26. Ne7+ Kf8 27. Nc6 Re8 28.
Na5 f6 29. Nxb7 Nxb7 30. Rcb1 Rxb1 31. Rxb1 Nc5 32. Rc1 Ne6 33. Rc6 h5 34. h4
Nd4 35. Ra6 Rc8 36. Rxa4 Rc1 37. Ra6 Kf7 38. Ra7+ Kg6 39. a4 f5 40. a5 Ra1 41.
a6 fxe4 42. fxe4 Nb3 43. Kf2 Nc5 44. Rc7 Nxe4+ 45. Ke3 Rxf1 46. Kxe4 Re1+ 47.
Kd5 Ra1 48. a7 Kf5 49. Rf7+ Kg6 50. Rd7 Kf6 51. Rc7 Kf5 52. Rf7+ 1/2-1/2

[Event "AUTO-ELITE-2502"]
[Site "http://www.queenalice.com/game.php?id=1840367"]
[Date "2024.7.16"]
[Round "2"]
[White "ClivetheBeard"]
[Black "Sexxy_Bunny"]
[Result "0-1"]
[WhiteElo "2675"]
[BlackElo "2694"]

1. d4 Nf6 2. Nc3 d5 3. Bg5 Nbd7 4. Nf3 e6 5. e4 h6 6. Bxf6 Nxf6 7. Qd3 Be7 8.
Be2 O-O 9. O-O c6 10. e5 Nd7 11. Bd1 Qb6 12. Rb1 c5 13. Na4 Qa6 14. Qxa6 bxa6
15. c3 Bb7 16. Be2 Rac8 17. Rfe1 cxd4 18. cxd4 Bc6 19. Nc3 Nb8 20. Rec1 Rfd8 21.
h4 Kf8 22. g3 Be8 23. Kg2 a5 24. Bb5 Nc6 25. Ba4 a6 26. a3 Rc7 27. Ne2 Rcc8 28.
Bd1 Na7 29. a4 Rc6 30. Ne1 Rdc8 31. f4 Bd8 32. Nf3 f6 33. exf6 gxf6 34. f5 exf5
35. Rc5 Bb6 36. Rc3 Bc7 37. Bb3 Rb6 38. Bxd5 Bxa4 39. Nd2 Be8 40. b3 Nb5 41. Rc5
Rd8 42. Bf3 Bd6 43. Rxf5 Bb4 44. Nc4 Bg6 45. Rd5 Rxd5 46. Bxd5 Bxb1 47. Nxb6 Nc3
48. Kf3 Nxd5 49. Nxd5 Bc2 50. Nc1 Be1 51. Ne3 Bb1 52. Ne2 f5 53. d5 Be4+ 54. Kf4
Bd2 55. d6 Ke8 56. Nd4 h5 57. Ne6 Bg2 58. Nc5 Kf7 59. Na4 Ke6 60. Nb6 Bxe3+ 61.
Kxe3 Kxd6 62. Kd4 Kc6 63. Nc4 Kb5 64. Kc3 Bh3 65. Nd6+ Kc5 66. Ne8 Bg4 67. Nf6
Kb5 68. Nd5 a4 69. bxa4+ Kxa4 70. Nc7 a5 71. Kc4 Ka3 72. Kc3 Ka2 73. Kc2 Bf3 74.
Nb5 Be4+ 75. Kc3 Kb1 76. Nd4 Kc1 77. Nb3+ Kd1 78. Nxa5 Ke2 79. Kd4 Kf3 80. Nc4
Kxg3 81. Ke3 Bc6 0-1

[Event "AUTO-ELITE-2502"]
[Site "http://www.queenalice.com/game.php?id=1840368"]
[Date "2024.7.16"]
[Round "2"]
[White "Sexxy_Bunny"]
[Black "ClivetheBeard"]
[Result "1/2-1/2"]
[WhiteElo "2697"]
[BlackElo "2675"]

1. e4 e5 2. Nf3 Nc6 3. Bb5 a6 4. Ba4 Nf6 5. O-O Nxe4 6. d4 b5 7. Bb3 d5 8. dxe5
Be6 9. Nbd2 Nc5 10. c3 Be7 11. Bc2 d4 12. Nb3 d3 13. Bb1 Nxb3 14. axb3 Bf5 15.
Be3 Qd5 16. Bd4 O-O 17. Re1 Rfd8 18. h4 a5 19. Re3 f6 20. Bxd3 Bxd3 21. exf6
Bxf6 22. Rxd3 Nxd4 23. cxd4 c5 24. Rc1 cxd4 25. g3 Rac8 26. Ra1 b4 27. Ne1 h6
28. Qf3 Qxf3 29. Rxf3 d3 30. Nxd3 Rd5 31. Kf1 Rcd8 32. Ke2 Re8+ 33. Re3 Rc8 34.
Rb1 Rc2+ 35. Ke1 g5 36. hxg5 hxg5 37. Rd1 Kf7 38. Kf1 Kg7 39. Kg2 g4 40. Re4 Rd4
41. Rc1 Rxc1 42. Rxd4 Bxd4 43. Nxc1 Bxb2 44. Nd3 Bc3 45. f3 gxf3+ 46. Kxf3 Kf6
47. Ke4 Kg5 48. Kd5 Kg4 49. Nc5 Be1 50. Kc4 Kxg3 51. Nd3 Bd2 52. Ne5 Kf4 53. Nc6
Ke4 54. Nxa5 Bf4 55. Nc6 Bd6 56. Nxb4 Ke5 57. Nd3+ Ke6 58. Nc5+ Ke7 59. Kd5 Bb8
60. Kc6 Kd8 61. Nb7+ 1/2-1/2

[Event "Let's Play Chess!"]
[Site "http://www.queenalice.com/game.php?id=1852930"]
[Date "2025.2.27"]
[Round "-"]
[White "igor12345"]
[Black "ClivetheBeard"]
[Result "0-1"]
[WhiteElo "1984"]
[BlackElo "2657"]

1. e4 Nc6 2. d4 d5 3. e5 Bf5 4. Nc3 e6 5. Nf3 a6 6. a3 f6 7. Bd3 Bg4 8. Be2 Bxf3
9. Bxf3 fxe5 10. dxe5 Nxe5 11. Bh5+ g6 12. Bf3 Bg7 13. O-O Qf6 14. Be2 Ne7 15.
f4 N5c6 16. Bg4 h5 17. Bh3 Qd4+ 18. Kh1 Qxd1 19. Nxd1 Nd4 20. Ne3 Nef5 21. Rf2
Nd6 22. Rb1 Ne4 23. Rf1 Ke7 24. g3 h4 25. Kg2 hxg3 26. hxg3 Rh7 27. c3 Rah8 28.
Rh1 Ne2 29. Nf1 Nxc1 30. Rxc1 g5 31. Rd1 g4 32. Ne3 Rxh3 33. Rxh3 Rxh3 34. Nf1
c5 35. Rd3 c4 36. Rd1 b5 37. Re1 a5 38. Re2 Bxc3 39. bxc3 Nxc3 40. Rb2 d4 41.
Rd2 d3 42. Rb2 Rh5 43. Ne3 Ne4 44. Nxg4 c3 45. Rb1 c2 46. Rc1 d2 0-1

[Event "Let's Play Chess!"]
[Site "http://www.queenalice.com/game.php?id=1852931"]
[Date "2025.2.27"]
[Round "-"]
[White "ClivetheBeard"]
[Black "igor12345"]
[Result "1-0"]
[WhiteElo "2656"]
[BlackElo "1980"]

1. Nf3 d5 2. b3 Nc6 3. Bb2 d4 4. e3 dxe3 5. fxe3 a6 6. Nc3 Nf6 7. d4 e6 8. e4
Bb4 9. Qd3 b5 10. O-O-O Ne7 11. Nxb5 c6 12. Nc3 a5 13. Na4 Ng4 14. Qe2 Ba6 15.
c4 O-O 16. h3 Nf6 17. a3 c5 18. dxc5 Qb8 19. axb4 Qxb4 20. Qe3 Ne8 21. Be2 Rb8
22. Ne5 Nf6 23. Nd7 Nxd7 24. Rxd7 Ng6 25. Bd1 Rb7 26. Rxb7 Bxb7 27. Qc3 f6 28.
Bc2 Nf4 29. Qxb4 axb4 30. Rd1 Nxg2 31. Rd6 Ne3 32. c6 Bc8 33. Bd3 Ng2 34. Nb6
Nf4 35. c7 Kf7 36. Bf1 Ke7 37. e5 Nd5 38. cxd5 1-0